Vztah inteligence emoční a rozumové

Inteligencia a jej druhy. Emocionálna inteligencia a na čo ju potrebujeme. Ako vzájomne spolu súvisia IQ a EQ.

Salvato in:
Dettagli Bibliografici
Autore principale: Svobodová, Lenka
Natura: Capitolo di libro
Lingua:ceco
Soggetti:
Tags: Aggiungi Tag
Nessun Tag, puoi essere il primo ad aggiungerne!!

MARC

LEADER 00000naa a2200000 4500
001 0165049
005 20231019115827.1
041 0 |a cze 
044 |a CZ 
245 1 0 |a Vztah inteligence emoční a rozumové  |c Lenka Svobodová 
520 |a Inteligencia a jej druhy. Emocionálna inteligencia a na čo ju potrebujeme. Ako vzájomne spolu súvisia IQ a EQ. 
610 2 0 |a inteligencia 
610 2 0 |a inteligencia emocionálna 
100 1 |a Svobodová, Lenka